000
00318nam a2200145Ia 4500
100
_a
Jagannathan/V
942
_c
BK
654
_a
Power Electronics
245
_a
Introduction to Power electronics
260
_b
Prentice Hall
_c
2004
082
_a
621.317
_b
JAG
300
_a
298
546
_a
ENGLISH
999
_c
24649
_d
24649